000
00248nam a2200109Ia 4500
082
_a
617.4
_b
S 12 S
100
_a
SHUKAL S.V
245
_a
SANSHIPT ASTANGA HRIDAYA
260
_b
CHAUKHAMBHA PUB. NEW DELHI
_c
2012
300
_a
294
942
_2
ddc
_c
BK
_0
13
999
_c
7696
_d
7696